Statystyki dla Najbardziej komentowane #Hot16Challenge2

Kliknij tutaj aby rozwiązać quiz!

Ogólne statystyki

  • Ten quiz został rozwiązany 144 razy
  • Średni wynik to 6 z 20

Statystyki odpowiedzi

KomentarzeWykonawca% Poprawnych
21 TYS.FRIZ
69%
22 TYS.WERSOW
65%
21 TYS.Szpaku
61%
6,7 TYS.MATA
55%
15 TYS.MURCIX
49%
14 TYS.MARCYSIA
46%
7 TYS.Bedoes
45%
8,4 TYS.TACONAFIDE
41%
7,4 TYS.YOUNG IGI
40%
6,7 TYS.Taco Hemingway
38%
7,2 TYS.Tata Maty
29%
6,8 TYS.BLOWEK
23%
7,7 TYS.MARCIN DUBIEL
16%
26 TYS.JKM
12%
7,9 TYS.CLEO
8%
11 TYS.KACPER BLONSKY
6%
6,6 TYS.Roksana Węgiel
6%
8 TYS.PALION
2%
7,8 TYS.Don Juan Wielki
0%
9,8 TYS.Szymon Zaparty
0%

Rozkład punktacji

Percentyl według liczby udzielonych odpowiedzi

Procent ludzi z każdym wynikiem

Twoja historia wyników

Nie rozwiązałeś tego quizu